00511nam a22001697a 4500003000500000005001700005008004100022038001500063082000800078100001800086245009600104260003600200300003100236500001500267650002800282700003100310NUST20230126154742.0190703b ||||| |||| 00| 0 eng d aMr. Zahoor a510 aJabeen, Ismat aApproximate Closed-from solution of System of Partial Differential Equations cIsmat Jabeen aIslamabad :bSNS - NUST,c2016. aiii, 62 p. : ill. ;c30cm. aHardcover. aMathematics - Ms Thesis aProf. Azad Akhter Siddiqui